[Event "HUN-ch U10"]
[Site "Tapolca"]
[Date "2020.08.16"]
[Round "3"]
[White "Bod, Marton"]
[Black "Toth, Rafael"]
[Result "1-0"]
[WhiteElo "1279"]
[BlackElo "1468"]
[PlyCount "119"]
[EventDate "2020.08.15"]
[EventType "swiss"]
[EventRounds "7"]
[EventCountry "HUN"]
[SourceTitle "EXT 2023"]
[Source "ChessBase"]
[SourceDate "2022.10.05"]
[SourceVersion "1"]
[SourceVersionDate "2022.10.05"]
[SourceQuality "1"]
[WhiteTeam "Hungary"]
[BlackTeam "Hungary"]
[WhiteTeamCountry "HUN"]
[BlackTeamCountry "HUN"]

1. e4 c5 2. Nf3 e6 3. d4 cxd4 4. Nxd4 Nc6 5. Be3 Qc7 6. Nb5 Qb8 7. Qd2 a6 8. Nd4 Nf6 9. Bd3 Be7 10. 0-0 0-0 11. c3 Rd8 12. h3 d5 13. exd5 exd5 14. Qe2 Re8 15. Bg5 Nxd4 16. cxd4 Bc5 17. Qc2 Bxd4 18. Bxf6 Bxf6 19. Bxh7+ Kh8 20. Bd3 Be6 21. Nc3 Rc8 22. Qe2 Qe5 23. Qf3 Qg5 24. Bc2 b5 25. Qd3 g6 26. Bb3 Rd8 27. f4 Qf5 28. Qxf5 gxf5 29. Rfd1 d4 30. Ne2 Rac8 31. Rac1 Rxc1 32. Nxc1 Bxb3 33. Nxb3 Kg7 34. g4 fxg4 35. hxg4 Kf8 36. g5 Bg7 37. Kf2 f5 38. Nc5 Ke7 39. Nxa6 Rc8 40. Nb4 Kd6 41. Kg3 Rc4 42. a3 Kc5 43. Kh4 Kd6 44. Kh5 Rc7 45. Kg6 Re7 46. Kxf5 Rf7+ 47. Kg6 Re7 48. f5 Be5 49. f6 Re8 50. Kf7 Re6 51. Rc1 Kd7 52. Rc5 Bd6 53. Rxb5 Bxb4 54. Rb7+ Kc6 55. Kxe6 Kxb7 56. axb4 d3 57. f7 d2 58. f8Q d1Q 59. Qe7+ Ka8 60. Qe8+ 1-0

[Event "Budapest FS07 FM-B"]
[Site "Budapest"]
[Date "2020.07.07"]
[Round "4"]
[White "Szlenka, Attila"]
[Black "Toth, Rafael"]
[Result "1-0"]
[WhiteElo "1724"]
[BlackElo "1383"]
[PlyCount "36"]
[EventDate "2020.07.04"]
[EventType "tourn"]
[EventRounds "10"]
[EventCountry "HUN"]
[SourceTitle "CBM 197 Extra"]
[Source "ChessBase"]
[SourceDate "2020.09.30"]
[SourceVersion "1"]
[SourceVersionDate "2020.09.30"]
[SourceQuality "1"]

1. Nf3 d5 2. g3 c6 3. Bg2 Nf6 4. 0-0 e6 5. d3 Bd6 6. c4 0-0 7. Nc3 Qc7 8. a3 dxc4 9. dxc4 Rd8 10. Qc2 Bd7 11. Be3 b5 12. c5 Be7 13. b4 Na6 14. Qb2 Ng4 15. Bd2 e5 16. h3 Nf6 17. Rfd1 h6 18. Nh4 Be6 1-0

[Event "HUN-ch U10"]
[Site "Balatonlelle"]
[Date "2019.06.21"]
[Round "1"]
[White "Toth, Rafael"]
[Black "Csernyik, Mark"]
[Result "1/2-1/2"]
[WhiteElo "1178"]
[BlackElo "1704"]
[PlyCount "112"]
[EventDate "2019.06.21"]
[EventType "swiss"]
[EventRounds "9"]
[EventCountry "HUN"]
[SourceTitle "CBM 191 Extra"]
[Source "ChessBase"]
[SourceDate "2019.09.30"]
[SourceVersion "1"]
[SourceVersionDate "2019.09.30"]
[SourceQuality "1"]

1. e4 d5 2. exd5 Qxd5 3. Nc3 Qd6 4. Nf3 Nf6 5. Be2 a6 6. 0-0 b6 7. d4 Bb7 8. Be3 e6 9. Qd2 Be7 10. Rad1 0-0 11. a3 Nc6 12. Bf4 Qd8 13. Rfe1 Bd6 14. Bg5 Be7 15. b4 b5 16. Ne5 Nxe5 17. dxe5 Nd5 18. Bxe7 Qxe7 19. Bf3 Rad8 20. Nxd5 Bxd5 21. Bxd5 Rxd5 22. Qf4 Rfd8 23. Rxd5 Rxd5 24. c4 Rd3 25. Ra1 Qd7 26. g3 Rd4 27. Qf3 bxc4 28. Qa8+ Qd8 29. Qxd8+ Rxd8 30. a4 h6 31. b5 Ra8 32. Rb1 Rb8 33. Kg2 axb5 34. axb5 Kh7 35. f4 Rd8 36. Rc1 Rd4 37. Kf3 Kg6 38. g4 Rd5 39. Rxc4 Rxb5 40. Rxc7 Rb3+ 41. Kg2 Rb4 42. Kf3 f6 43. h4 fxe5 44. fxe5 Rb3+ 45. Kf4 Rb4+ 46. Kf3 Rb6 47. Kf4 Kh7 48. h5 Rb8 49. Re7 Rb6 50. Re8 g6 51. Re7+ Kg8 52. hxg6 Ra6 53. g7 Kh7 54. Rf7 Kg8 55. Re7 Kh7 56. Rd7 Ra8 1/2-1/2